<?xml version="1.0" encoding="UTF-8"?>
<record
    xmlns:xsi="http://www.w3.org/2001/XMLSchema-instance"
    xsi:schemaLocation="http://www.loc.gov/MARC21/slim http://www.loc.gov/standards/marcxml/schema/MARC21slim.xsd"
    xmlns="http://www.loc.gov/MARC21/slim">

  <leader>01790nam a2200313 i 4500</leader>
  <controlfield tag="003">DO-SdBNP</controlfield>
  <controlfield tag="005">20240530073924.0</controlfield>
  <controlfield tag="006">a||||gr|||| 00| 0 </controlfield>
  <controlfield tag="007">ta</controlfield>
  <controlfield tag="008">201216e2019    dr  |||eri||| 001 fdspa d</controlfield>
  <datafield tag="040" ind1=" " ind2=" ">
    <subfield code="a">DO-SdBNP</subfield>
    <subfield code="b">spa</subfield>
    <subfield code="c">BNPHU</subfield>
    <subfield code="e">rda</subfield>
  </datafield>
  <datafield tag="082" ind1=" " ind2="4">
    <subfield code="a">RD863.5</subfield>
    <subfield code="b">M766a</subfield>
    <subfield code="2">22</subfield>
  </datafield>
  <datafield tag="100" ind1="1" ind2=" ">
    <subfield code="a">Mont&#xE1;s Quezada, Nelson</subfield>
    <subfield code="9">77612</subfield>
    <subfield code="e">autor</subfield>
  </datafield>
  <datafield tag="245" ind1="1" ind2="0">
    <subfield code="a">Las aventuras de Milo Payano /</subfield>
    <subfield code="c">Nelson Mont&#xE1;s Quezada</subfield>
  </datafield>
  <datafield tag="264" ind1=" " ind2=" ">
    <subfield code="a">Santo Domingo :</subfield>
    <subfield code="b">Corripio,</subfield>
    <subfield code="c">2019</subfield>
  </datafield>
  <datafield tag="300" ind1=" " ind2=" ">
    <subfield code="a">154 p&#xE1;ginas ;</subfield>
    <subfield code="c">21 cm</subfield>
  </datafield>
  <datafield tag="336" ind1=" " ind2=" ">
    <subfield code="2">rdacontent</subfield>
    <subfield code="a">texto</subfield>
    <subfield code="b">txt</subfield>
  </datafield>
  <datafield tag="337" ind1=" " ind2=" ">
    <subfield code="2">rdamedia</subfield>
    <subfield code="a">sin mediaci&#xF3;n</subfield>
    <subfield code="b">n</subfield>
  </datafield>
  <datafield tag="338" ind1=" " ind2=" ">
    <subfield code="2">rdacarrier</subfield>
    <subfield code="a">volumen</subfield>
    <subfield code="b">nc</subfield>
  </datafield>
  <datafield tag="500" ind1=" " ind2=" ">
    <subfield code="a">Incluye biograf&#xED;a del autor en las solapas de las cubiertas.</subfield>
  </datafield>
  <datafield tag="500" ind1=" " ind2=" ">
    <subfield code="a">Incluye glosario.</subfield>
  </datafield>
  <datafield tag="505" ind1="0" ind2=" ">
    <subfield code="a">Agradecimiento.</subfield>
    <subfield code="g">Pre&#xE1;mbulo.--</subfield>
    <subfield code="t">De personajes y aventuras.--</subfield>
    <subfield code="g">Primera parte :</subfield>
    <subfield code="t">Preservar la vida a toda costa.--</subfield>
    <subfield code="g">Segunda parte :</subfield>
    <subfield code="t">Experiencias parecidas.--</subfield>
    <subfield code="g">Tercera parte :</subfield>
    <subfield code="t">El esp&#xED;ritu aventurero de Milo lo lleva a enfrentarse a un bac&#xE1;.--</subfield>
    <subfield code="g">Cuarta  parte :</subfield>
    <subfield code="t">Vida de Germ&#xE1;n de la Rosa, sus delincuentes y rivalidad  con el Postalista.--</subfield>
    <subfield code="g">Quinta parte :</subfield>
    <subfield code="t">Los acontecimientos del d&#xED;a.--</subfield>
    <subfield code="g">Sexta parte :</subfield>
    <subfield code="t">Entre la fantas&#xED;a infantil y el enfrentamiento de Milo Payano y Germ&#xE1;n de la Rosa.--</subfield>
  </datafield>
  <datafield tag="505" ind1="0" ind2=" ">
    <subfield code="a">S&#xE9;ptima parte : </subfield>
    <subfield code="t">En los albores del cicl&#xF3;n In&#xE9;s y la muerte de Rompepiedras.-</subfield>
    <subfield code="g">Octava parte :</subfield>
    <subfield code="t">German de la Rosa,  el Rey de los delincuentes.--</subfield>
    <subfield code="g">Novena parte :</subfield>
    <subfield code="t">Retorno del Postalista a la capital y su agresi&#xF3;n a un sacerdote.--</subfield>
    <subfield code="g">D&#xE9;cima parte :</subfield>
    <subfield code="t">El sentido del poder y el final del reinado de German.--</subfield>
    <subfield code="t">Glosario.-</subfield>
  </datafield>
  <datafield tag="590" ind1=" " ind2=" ">
    <subfield code="a">Inventariado, 2024 / MF</subfield>
  </datafield>
  <datafield tag="650" ind1=" " ind2="0">
    <subfield code="a">Novela dominicana</subfield>
    <subfield code="9">223</subfield>
  </datafield>
  <datafield tag="650" ind1=" " ind2="4">
    <subfield code="a">Literatura infantojuvenil  dominicana</subfield>
    <subfield code="9">84579</subfield>
  </datafield>
  <datafield tag="910" ind1=" " ind2=" ">
    <subfield code="a">Validado. Control de calidad MFF</subfield>
  </datafield>
  <datafield tag="942" ind1=" " ind2=" ">
    <subfield code="2">ddc</subfield>
    <subfield code="c">LBS1</subfield>
  </datafield>
  <datafield tag="952" ind1=" " ind2=" ">
    <subfield code="0">0</subfield>
    <subfield code="1">0</subfield>
    <subfield code="2">ddc</subfield>
    <subfield code="5">1</subfield>
    <subfield code="7">0</subfield>
    <subfield code="8">PD</subfield>
    <subfield code="a">BNPHU</subfield>
    <subfield code="b">BNPHU</subfield>
    <subfield code="c">HD</subfield>
    <subfield code="d">2020-02-03</subfield>
    <subfield code="e">Dep&#xF3;sito legal</subfield>
    <subfield code="l">0</subfield>
    <subfield code="o">BNPHU CIJ-PD RD863.5 M766a</subfield>
    <subfield code="p">2020-0767</subfield>
    <subfield code="r">2020-12-16</subfield>
    <subfield code="w">2020-12-16</subfield>
    <subfield code="y">LBS1</subfield>
  </datafield>
  <datafield tag="952" ind1=" " ind2=" ">
    <subfield code="0">0</subfield>
    <subfield code="1">0</subfield>
    <subfield code="2">ddc</subfield>
    <subfield code="5">1</subfield>
    <subfield code="7">0</subfield>
    <subfield code="8">PD</subfield>
    <subfield code="a">BNPHU</subfield>
    <subfield code="b">BNPHU</subfield>
    <subfield code="c">HD</subfield>
    <subfield code="d">2020-02-03</subfield>
    <subfield code="e">Dep&#xF3;sito legal</subfield>
    <subfield code="l">0</subfield>
    <subfield code="o">BNPHU CIJ-PD RD863.5 M766a</subfield>
    <subfield code="p">2020-0768</subfield>
    <subfield code="r">2020-12-16</subfield>
    <subfield code="t">e.2</subfield>
    <subfield code="w">2020-12-16</subfield>
    <subfield code="y">LBS1</subfield>
    <subfield code="z">Ejemplar autografiado por el autor</subfield>
  </datafield>
  <datafield tag="952" ind1=" " ind2=" ">
    <subfield code="0">0</subfield>
    <subfield code="1">0</subfield>
    <subfield code="2">ddc</subfield>
    <subfield code="5">6</subfield>
    <subfield code="7">0</subfield>
    <subfield code="8">DS</subfield>
    <subfield code="a">BNPHU</subfield>
    <subfield code="b">BNPHU</subfield>
    <subfield code="c">HD</subfield>
    <subfield code="d">2020-02-03</subfield>
    <subfield code="e">Dep&#xF3;sito legal</subfield>
    <subfield code="l">0</subfield>
    <subfield code="o">BNPHU CIJ-DS RD863.4 M766a</subfield>
    <subfield code="p">2020-0769</subfield>
    <subfield code="r">2020-12-16</subfield>
    <subfield code="t">e.3</subfield>
    <subfield code="w">2020-12-16</subfield>
    <subfield code="y">LBS1</subfield>
  </datafield>
  <datafield tag="999" ind1=" " ind2=" ">
    <subfield code="c">49288</subfield>
    <subfield code="d">49288</subfield>
  </datafield>
</record>
